Dopady vstupu do EÚ na zahraničnoobchodnú politiku SR (úvodná správa)

Analýza vybraných exogénnych a endogénnych podmienok pôsobiacich na formovanie zahraničnoobchodnej politiky SR po vstupe do EÚ. Pozícia zahraničnoobchodnej politiky SR v rámci jej implementácie do EÚ. Štruktúra zmien zahraničnoobchodnej politiky SR po vstupe do EÚ. Dopady vstupu do EÚ na podnikateľs...

ver descrição completa

Na minha lista:
Detalhes bibliográficos
Autor principal: Baláž, Peter
Outros Autores: Trenčianska, Elena
Formato: Capítulo de Livro
Idioma:eslovaco
Assuntos:
Tags: Adicionar Tag
Sem tags, seja o primeiro a adicionar uma tag!

MARC

LEADER 00000naa$a2200000$$$4500
001 0051039
005 20240711093022.2
041 0 |a slo 
044 |a SK 
245 1 0 |a Dopady vstupu do EÚ na zahraničnoobchodnú politiku SR  |b (úvodná správa) 
520 |a Analýza vybraných exogénnych a endogénnych podmienok pôsobiacich na formovanie zahraničnoobchodnej politiky SR po vstupe do EÚ. Pozícia zahraničnoobchodnej politiky SR v rámci jej implementácie do EÚ. Štruktúra zmien zahraničnoobchodnej politiky SR po vstupe do EÚ. Dopady vstupu do EÚ na podnikateľský sektor SR. Podnikateľské riziká vstupu na trh EÚ. Pozitíva vstupu do EÚ pre podnikateľský sektor. Dopady vstupu do EÚ na zahraničnoobchodnú politiku SR. 
610 2 0 |a Slovensko 
610 2 0 |a Európska únia 
610 2 0 |a integrácia ekonomická medzinárodná 
610 2 0 |a spolupráca hospodárska medzinárodná 
610 2 0 |a prostredie ekonomické 
610 2 0 |a prostredie podnikateľské 
610 2 0 |a politika zahraničnoobchodná 
610 2 0 |a riziko podnikateľské 
610 2 0 |a konkurencieschopnosť 
100 1 |a Baláž, Peter 
700 1 |a Trenčianska, Elena